Language Quiz

Random Language or Letter Quiz

Only Two Letters A-Z Quiz Stats

Quiz Updated Feb 2, 2016

Challenge
Share
Tweet
Embed
Score 0/24 Timer 03:00
63 Plays Today
% Correct
O, P
94.2%
S, T
81.6%
X, Y
81.4%
R, S
79.1%
K, L
79.1%
M, N
77.2%
L, M
77%
B, C
75.9%
E, F
74%
Q, R
73.1%
U, V
72%
C, D
70.8%
% Correct
N, O
68.9%
T, U
67%
D, E
62.9%
F, G
60%
V, W
54.4%
W, X
51.6%
A, B
51.4%
J, K
46.1%
G, H
41.3%
I, J
40.9%
H, I
39.4%
Y, Z
32.5%

You're not logged in!

Compare scores with friends on all Sporcle quizzes.
Sign Up with Email
OR
Log In

You Might Also Like...

Show Comments

Extras

Top Quizzes Today


Score Distribution

Your Account Isn't Verified!

In order to create a playlist on Sporcle, you need to verify the email address you used during registration. Go to your Sporcle Settings to finish the process.